|
|
|
|
| LEADER |
00000nnm a2200000 i 4500 |
| 001 |
dolg7200 |
| 005 |
20160706141429.0 |
| 008 |
160520suuuu hu o 000 hun d |
| 040 |
|
|
|a BGE Dolgozattár Repozitórium
|b hun
|
| 041 |
|
|
|a hu
|
| 100 |
1 |
|
|a Kormos Zsuzsanna
|
| 245 |
1 |
0 |
|a Gran Canaria egészségturizmusa és fejlesztési lehetőségei
|c Kormos Zsuzsanna
|h [elektronikus dokumentum]
|
| 246 |
1 |
1 |
|a Gran Canaria egészségturizmusa és fejlesztési lehetőségei
|
| 246 |
1 |
1 |
|a nincs
|
| 516 |
|
|
|a Project_work
|
| 695 |
|
|
|a Egészségturizmus
|
| 695 |
|
|
|a Gran Canaria
|
| 700 |
1 |
|
|a Fehér Tamásné
|e ths
|
| 856 |
4 |
0 |
|u http://dolgozattar.uni-bge.hu/7200/1/Projektmunka%20-%20Kormos%20Zsuzsanna.pdf
|z Dokumentum-elérés
|